Manuale Theologiae Dogmaticae
Gespeichert in:
| 1. Verfasser: | |
|---|---|
| Format: | Buch |
| Sprache: | Latein |
| Veröffentlicht: |
París
Baston, Berche et Pagis
1924
|
| Ausgabe: | 1a. ed |
| Schlagworte: | |
| Tags: |
Tag hinzufügen
Keine Tags, Fügen Sie den ersten Tag hinzu!
|
MARC
| LEADER | 00000cam a2200000 a 4500 | ||
|---|---|---|---|
| 001 | UCD3541 | ||
| 003 | CL-VaPUC | ||
| 008 | 160609e19240000fr |||||||||||||||||lat|d | ||
| 082 | 0 | 4 | |a 230 |b HER |2 21 |
| 100 | |a Hervé, J. M |e author |9 587053 | ||
| 245 | 1 | 0 | |a Manuale Theologiae Dogmaticae |
| 250 | |a 1a. ed | ||
| 300 | |a v | ||
| 942 | |c BK | ||
| 945 | |d 20160609 22:21:00 |a dcastane | ||
| 260 | |a París |b Baston, Berche et Pagis |c 1924 | ||
| 500 | |a v.2: De Deo Uno et Trino. De Deo Creante et Elevante. De Verbo Incarnato. De Beata Virgine. De Sanctis | ||
| 500 | |a v.3: De Gratia Christi. De Virtutibus Theologicis. De Sacramentis in genere, Baptismo et Confirmatione | ||
| 500 | |a v.4: De SS. Eucharistia. De Penitentia et Indulgentiis. De E. Unctione. De Ordine. De Matrimonio. De Novissimis | ||
| 650 | 0 | |a Teología dogmática |9 313198 | |
| 650 | 0 | |a Sacramentos |9 257270 | |
| 583 | |a last modification |c 20160609 22:21:00 |k Rodrigo Vera | ||
| 999 | |c 364577 |d 364575 | ||
| 952 | |0 0 |1 0 |3 erd |4 0 |6 230_000000000000000_HER_1924 |7 0 |8 X |9 477988 |a BIBTEO |b BIBTEO |c TEO_FFR |h v.2 |i 5237661 |o 230 HER 1924 |p 5237661 |r 2024-01-18 |w 2019-11-24 |y BK_X |z Catalogado en:20160609 |k OFM | ||
| 952 | |0 0 |1 0 |3 erd |4 0 |6 230_000000000000000_HER_1924 |7 0 |8 X |9 477989 |a BIBTEO |b BIBTEO |c TEO_FFR |h v.3 |i 523767K |o 230 HER 1924 |p 523767K |r 2024-01-18 |w 2019-11-24 |y BK_X |z Catalogado en:20160609 |k OFM | ||
| 952 | |0 0 |1 0 |3 erd |4 0 |6 230_000000000000000_HER_1924 |7 0 |8 X |9 477990 |a BIBTEO |b BIBTEO |c TEO_FFR |h t.4 |i 5237688 |o 230 HER 1924 |p 5237688 |r 2024-01-18 |w 2019-11-24 |y BK_X |z Catalogado en:20160609 |k OFM | ||